| 000 | 00498nam a2200145Ia 4500 | ||
|---|---|---|---|
| 008 | 140724s9999 xx 000 0 und d | ||
| 050 |
_aHF 5545.335 _b.C142 2010 |
||
| 100 | _aCalapatan, Adrian. | ||
| 245 |
_aLevel of customer satisfaction in seahorse grill and restaurant / _cAdrian Calapatan. |
||
| 260 |
_aLas PiƱas, Philippines : _bSouthville International School and Colleges, _cc2010. |
||
| 300 |
_a74 p. : _c28 cm. |
||
| 521 | _aHuman Resource Management | ||
| 942 | _cTH | ||
| 999 |
_c229055 _d229055 |
||